| 000 | 01119nam a2200229Ia 4500 | ||
|---|---|---|---|
| 999 |
_c54137 _d54137 |
||
| 001 | 21192 | ||
| 003 | GE_BSU | ||
| 005 | 20211214133213.0 | ||
| 008 | 181216s2003||||ge |||||||||||||| ||geo|| | ||
| 020 | _a9992832517 | ||
| 040 | _cGE_BSU | ||
| 041 | _ageo | ||
| 080 | _a341.4+343.32 ლ-41 | ||
| 100 |
_aლეკვეიშვილი, მზია _913284 |
||
| 245 |
_aპასუხისმგებლობა საერთაშორისო დანაშაულისათვის : _b(სამეცნ.-პრაქტ. კომენტარი) / _cმზია ლეკვეიშვილი, გოჩა მამულაშვილი; [რედ.: მარინე კვაჭაძე]. |
||
| 264 |
_aთბილისი : _bმერიდიანი, _c2003. |
||
| 300 |
_a280გვ. ; _b20სმ. |
||
| 653 | _a საერთაშორისო ტერორიზმი | ||
| 653 | _a საერთაშორისო დანაშაული | ||
| 700 |
_aმამულაშვილი, გოჩა _eავტორი _95362 |
||
| 942 |
_cBK _2udc |
||